000 00472nam a2200169Ia 4500
003 LK-CoDNM
008 010623t2011 xxu||||| |||| 00| 1 sin d
040 _aLK-CoDNM
_dLK-CoDNM
_eLK-CoDNM
041 _asin
080 _a33
_bPER
100 _aPeris,B.A.H.P.
245 _aශ්‍රී ලංකාවේ විදේශීය වෙළඳාම
246 _aSri Lankawe Videsheeya Weladama
260 _bAuthor
_aS.I.
_c2011
300 _b200, 21 cm
942 _cBK
999 _c131688
_d131688